[Event "Suedwestfalen Verbandsklasse 0203"]
[Site "Suedwestfalen"]
[Date "2002.10.06"]
[Round "2"]
[White "Schuermann, Ralf"]
[Black "Jalowy, Siegfried"]
[Result "0-1"]
[WhiteElo "1823"]
[BlackElo "1965"]
[PlyCount "106"]
[EventDate "2002.10.06"]
[EventType "team"]
[EventRounds "9"]
[EventCountry "GER"]
[SourceTitle "EXT 2007"]
[Source "ChessBase"]
[SourceDate "2006.11.23"]
[SourceVersion "1"]
[SourceVersionDate "2006.11.23"]
[SourceQuality "1"]
[WhiteTeam "Halver"]
[BlackTeam "Kierspe"]
[WhiteTeamCountry "GER"]
[BlackTeamCountry "GER"]

1. e4 c6 2. d4 d5 3. Nc3 dxe4 4. Nxe4 Nf6 5. Nxf6+ exf6 6. Bc4 Bd6 7. Qe2+ Qe7 8. Qxe7+ Bxe7 9. Bf4 Bf5 10. 0-0-0 0-0 11. Ne2 Nd7 12. Rhe1 Bg6 13. a3 b5 14. Ba2 Nb6 15. Nc3 Rfe8 16. d5 cxd5 17. Nxb5 Bc5 18. Bg3 a6 19. Nc7 Rxe1 20. Rxe1 Rc8 21. Re2 d4 22. Nxa6 d3 23. Rd2 Bd4 24. Nb4 Na4 25. c3 Nxc3 26. bxc3 Bxc3 27. Kd1 Bxd2 28. Kxd2 Ra8 29. Nxd3 Bxd3 30. Bd6 Bf1 31. Kc3 Bxg2 32. Kb4 Re8 33. Bc4 Re4 34. Kb5 Re1 35. a4 Rb1+ 36. Ka6 Rb2 37. Bc5 g5 38. Bb6 Rb4 39. Bb5 Bh3 40. Kb7 h5 41. Bc6 Bf1 42. a5 f5 43. a6 Bxa6+ 44. Kxa6 Kg7 45. Bc7 f6 46. Bd7 f4 47. Bf5 Rc4 48. Kb6 Rc3 49. Bd6 Rf3 50. Bc5 g4 51. Kc6 g3 52. hxg3 fxg3 53. Be4 gxf2 0-1

[Event "Suedwestfalen Verbandsklasse 0102"]
[Site "Suedwestfalen"]
[Date "2001.12.02"]
[Round "5"]
[White "Nathe, Emil"]
[Black "Jalowy, Siegfried"]
[Result "0-1"]
[WhiteElo "1784"]
[BlackElo "1925"]
[PlyCount "96"]
[EventDate "2001.09.09"]
[EventType "team"]
[EventRounds "9"]
[EventCountry "GER"]
[SourceTitle "EXT 2007"]
[Source "ChessBase"]
[SourceDate "2006.11.23"]
[SourceVersion "1"]
[SourceVersionDate "2006.11.23"]
[SourceQuality "1"]
[WhiteTeam "Halver"]
[BlackTeam "Bad Berleburg"]
[WhiteTeamCountry "GER"]
[BlackTeamCountry "GER"]

1. d4 d5 2. Nf3 Nf6 3. Bf4 Bf5 4. e3 e6 5. Bd3 Bg4 6. h3 Bh5 7. 0-0 Bd6 8. Bxd6 Qxd6 9. Nbd2 Nbd7 10. Be2 0-0 11. c4 c5 12. cxd5 Qxd5 13. Qb3 Qxb3 14. Nxb3 Rac8 15. Rac1 Ne4 16. Bb5 Ndf6 17. dxc5 a6 18. Be2 Nd7 19. Rfd1 Ndxc5 20. Nxc5 Nxc5 21. a3 Na4 22. Rxc8 Rxc8 23. Rd7 Nc5 24. Rd1 Nb3 25. Bc4 Na5 26. Be2 Kf8 27. Kf1 Rc2 28. Rd2 Rc1+ 29. Rd1 Rxd1+ 30. Bxd1 Nc4 31. g4 Bg6 32. Nd4 Nxb2 33. Bf3 b6 34. Be2 Bd3 35. Bxd3 Nxd3 36. Ke2 Nb2 37. Kd2 Nc4+ 38. Kc3 Nxa3 39. Kb3 Nb5 40. Nxb5 axb5 41. Kb4 Ke7 42. Kxb5 Kd6 43. Kxb6 g5 44. Kb5 Kd5 45. f3 e5 46. Kb4 e4 47. Kc3 exf3 48. Kd3 Ke5 0-1

[Event "Suedwestfalen Verbandsklasse 0102"]
[Site "Suedwestfalen"]
[Date "2001.09.30"]
[Round "2"]
[White "Jalowy, Siegfried"]
[Black "Reichel, Wolfram"]
[Result "1-0"]
[WhiteElo "1925"]
[BlackElo "1773"]
[PlyCount "83"]
[EventDate "2001.09.09"]
[EventType "team"]
[EventRounds "9"]
[EventCountry "GER"]
[SourceTitle "EXT 2007"]
[Source "ChessBase"]
[SourceDate "2006.11.23"]
[SourceVersion "1"]
[SourceVersionDate "2006.11.23"]
[SourceQuality "1"]
[WhiteTeam "Plettenberg II"]
[BlackTeam "Hellertal"]
[WhiteTeamCountry "GER"]
[BlackTeamCountry "GER"]

1. d4 Nf6 2. c4 g6 3. Nc3 Bg7 4. e4 d6 5. Nf3 0-0 6. Be2 e5 7. dxe5 dxe5 8. Qxd8 Rxd8 9. Bg5 Re8 10. Bxf6 Bxf6 11. Nd5 Bd8 12. Rd1 c6 13. Nc3 Bc7 14. 0-0 Nd7 15. b4 Nf8 16. Nd2 Be6 17. Nb3 b6 18. b5 cxb5 19. Nxb5 Bd8 20. Nc3 Kg7 21. Nd5 Rc8 22. Rc1 Nd7 23. Rfd1 Bg5 24. Rc2 f5 25. f3 Nf6 26. g3 fxe4 27. Nxf6 Be3+ 28. Kh1 Kxf6 29. fxe4 Red8 30. Rxd8 Rxd8 31. Kg2 g5 32. Kf3 Bd4 33. Rd2 g4+ 34. Kg2 Rd7 35. Rd1 a5 36. Nxd4 exd4 37. Bd3 Kg5 38. Rb1 Rd6 39. Rb5+ Kf6 40. e5+ Ke7 41. exd6+ Kxd6 42. Rxb6+ 1-0

[Event "Suedwestfalen Verbandsklasse 0001"]
[Site "Suedwestfalen"]
[Date "2001.04.29"]
[Round "9"]
[White "Jalowy, Siegfried"]
[Black "Fleischer, Andre"]
[Result "1/2-1/2"]
[WhiteElo "1949"]
[BlackElo "1992"]
[PlyCount "43"]
[EventDate "2000.09.17"]
[EventType "team"]
[EventRounds "9"]
[EventCountry "GER"]
[SourceTitle "EXT 2007"]
[Source "ChessBase"]
[SourceDate "2006.11.23"]
[SourceVersion "1"]
[SourceVersionDate "2006.11.23"]
[SourceQuality "1"]
[WhiteTeam "Halver"]
[BlackTeam "Wiehl"]
[WhiteTeamCountry "GER"]
[BlackTeamCountry "GER"]

1. d4 Nf6 2. c4 e6 3. Nc3 Bb4 4. Nf3 0-0 5. Bg5 d5 6. e3 Nbd7 7. Bd3 h6 8. Bh4 c5 9. 0-0 cxd4 10. Nxd4 Be7 11. cxd5 Nxd5 12. Bxe7 Nxe7 13. Rc1 Ne5 14. Be4 Bd7 15. Qh5 Nc4 16. Qe2 Nd6 17. Rfd1 Qb6 18. Bb1 Rfd8 19. Qd3 g6 20. b3 Rac8 21. Ne4 Nxe4 22. Qxe4 1/2-1/2